Blockchain implementation in vehicle tracking system (Record no. 5717)
[ view plain ]
| 000 -LEADER | |
|---|---|
| fixed length control field | 00536nam a22001817a 4500 |
| 003 - CONTROL NUMBER IDENTIFIER | |
| control field | OSt |
| 005 - DATE AND TIME OF LATEST TRANSACTION | |
| control field | 20220107122829.0 |
| 008 - FIXED-LENGTH DATA ELEMENTS--GENERAL INFORMATION | |
| fixed length control field | 170719b xxu||||| |||| 00| 0 eng d |
| 040 ## - CATALOGING SOURCE | |
| Transcribing agency | IIITMK |
| 100 ## - MAIN ENTRY--PERSONAL NAME | |
| Personal name | Shan jose (93615030) |
| 9 (RLIN) | 12250 |
| 245 ## - TITLE STATEMENT | |
| Title | Blockchain implementation in vehicle tracking system |
| 300 ## - PHYSICAL DESCRIPTION | |
| Extent | CSIS - Main Project |
| 502 ## - DISSERTATION NOTE | |
| Degree type | CSIS |
| Name of granting institution | 2015-2017 |
| Year degree granted | INT |
| -- | Dr Sabu M Thampi |
| 650 ## - SUBJECT ADDED ENTRY--TOPICAL TERM | |
| Topical term or geographic name entry element | BLOCKCHAIN |
| 9 (RLIN) | 12251 |
| 650 ## - SUBJECT ADDED ENTRY--TOPICAL TERM | |
| Topical term or geographic name entry element | VEHICLE TRACKING SYSTEM |
| 9 (RLIN) | 12252 |
| 650 ## - SUBJECT ADDED ENTRY--TOPICAL TERM | |
| Topical term or geographic name entry element | VEHICLE IDENTIFICATION NUMBER |
| 9 (RLIN) | 12253 |
| 942 ## - ADDED ENTRY ELEMENTS (KOHA) | |
| Source of classification or shelving scheme | Dewey Decimal Classification |
| Koha item type | |
| Withdrawn status | Lost status | Source of classification or shelving scheme | Damaged status | Not for loan | Collection code | Home library | Current library | Shelving location | Date acquired | Total Checkouts | Barcode | Date last seen | Price effective from | Koha item type |
|---|---|---|---|---|---|---|---|---|---|---|---|---|---|---|
| Dewey Decimal Classification | Non Fiction | IIITM-K | Kerala University of Digital Sciences, Innovation and Technology Knowledge Centre | 19/07/2017 | R-1248 | 19/07/2017 | 19/07/2017 | Project Reports |